Tourismusbranche: Arten und Hauptschwerpunkte; Актуальные проблемы гуманитарных наук

Bibliografiske detaljer
Parent link:Актуальные проблемы гуманитарных наук.— 2011.— [С. 465-467]
Hovedforfatter: Konovalova N. S.
Andre forfattere: Koppalova J. S. (научный руководитель), Malzeva T. J., Khmelidze I. N. Irina Nikolajewna
Summary:Заглавие с титульного листа
Sprog:tysk
Udgivet: 2011
Serier:Современные социальные технологии в сфере культуры и туризма
Fag:
Online adgang:http://www.lib.tpu.ru/fulltext/c/2011/C20/208.pdf
Format: MixedMaterials Electronisk Book Chapter
KOHA link:https://koha.lib.tpu.ru/cgi-bin/koha/opac-detail.pl?biblionumber=237411

MARC

LEADER 00000naa2a2200000 4500
001 237411
005 20260423105811.0
035 |a (RuTPU)RU\TPU\book\258585 
035 |a RU\TPU\book\258425 
090 |a 237411 
100 |a 20130515d2011 k y0rusy50 ba 
101 0 |a ger 
102 |a RU 
135 |a drnn ---uucaa 
200 1 |a Tourismusbranche: Arten und Hauptschwerpunkte  |f N. S. Konovalova, J. S. Koppalova, T. J. Malzeva  |g Wiss. Ltr. I. N. Khmelidze 
215 |a 1 файл (167 Кб) 
225 1 |a Современные социальные технологии в сфере культуры и туризма 
300 |a Заглавие с титульного листа 
320 |a [Библиогр.: с. 467 (5 назв.)] 
337 |a Adobe Reader 
463 1 |0 (RuTPU)RU\TPU\book\256720  |t Актуальные проблемы гуманитарных наук  |o сборник научных трудов студентов, аспирантов и молодых ученых 21-22 апреля 2011 г., Томск  |f Национальный исследовательский Томский политехнический университет (ТПУ)   |v [С. 465-467]  |d 2011 
610 1 |a труды учёных ТПУ 
610 1 |a электронный ресурс 
700 1 |a Konovalova  |b N. S. 
701 1 |a Koppalova  |b J. S. 
701 1 |a Malzeva  |b T. J. 
702 1 |a Khmelidze  |b I. N.  |c Linguistik  |c Dozent der Polytechnischen Universität Tomsk, Kandidat der pädagogischen Wissenschaften  |f 1962-  |g Irina Nikolajewna  |3 (RuTPU)RU\TPU\pers\30786  |4 727 
801 2 |a RU  |b 63413507  |c 20130617  |g RCR 
856 4 |u http://www.lib.tpu.ru/fulltext/c/2011/C20/208.pdf 
942 |c CF